[Event "Amateur Tournament (ATO)"]
[Site "https://www.chess.com"]
[Date "2025.07.16"]
[Round "2"]
[White "Mogasale, Chetan"]
[Black "Kuenzli, Simon"]
[Result "0-1"]
[Board "1"]
[WhiteFideId "1356615"]
[BlackFideId "1308475"]
[WhiteElo "1811"]
[BlackElo "1993"]
[WhiteTeam "SUI"]
[BlackTeam "SUI"]
[WhiteClock "0:35:56"]
[BlackClock "0:13:43"]
[Variant "Standard"]

1. e4 {[%clk 1:30:55]}  c5 {[%clk 1:30:54]} 2. Nc3 {[%clk 1:31:14]}  e6 {[%clk 1:31:12]} 3. f4 {[%clk 1:31:34]}  Nc6 {[%clk 1:31:14]} 4. Nf3 {[%clk 1:31:51]}  d6 {[%clk 1:31:07]} 5. Bb5 {[%clk 1:32:04]}  Bd7 {[%clk 1:30:01]} 6. d3 {[%clk 1:31:39]}  a6 {[%clk 1:29:36]} 7. Bxc6 {[%clk 1:32:01]}  Bxc6 {[%clk 1:29:48]} 8. a4 {[%clk 1:31:53]}  Nf6 {[%clk 1:29:12]} 9. O-O {[%clk 1:31:47]}  Be7 {[%clk 1:28:52]} 10. Kh1 {[%clk 1:30:46]}  Qc7 {[%clk 1:25:36]} 11. Be3 {[%clk 1:29:24]}  d5 {[%clk 1:20:35]} 12. e5 {[%clk 1:26:11]}  Ng4 {[%clk 1:10:25]} 13. Bg1 {[%clk 1:26:06]}  Nh6 {[%clk 1:10:38]} 14. Ne2 {[%clk 1:23:41]}  Nf5 {[%clk 1:07:24]} 15. Bf2 {[%clk 1:22:53]}  h5 {[%clk 1:05:00]} 16. Ng3 {[%clk 1:21:55]}  Nxg3+ {[%clk 1:03:51]} 17. Bxg3 {[%clk 1:21:30]}  h4 {[%clk 1:03:16]} 18. Bf2 {[%clk 1:21:45]}  h3 {[%clk 1:03:08]} 19. g3 {[%clk 1:21:38]}  d4 {[%clk 1:02:00]} 20. Kg1 {[%clk 1:20:21]}  Qd7 {[%clk 1:00:43]} 21. Nd2 {[%clk 1:16:38]}  Qd5 {[%clk 0:57:08]} 22. Ne4 {[%clk 1:16:40]}  f5 {[%clk 0:55:23]} 23. exf6 {[%clk 1:16:37]}  gxf6 {[%clk 0:55:36]} 24. c4 {[%clk 1:15:08]}  Qd7 {[%clk 0:47:18]} 25. Be1 {[%clk 1:08:29]}  O-O-O {[%clk 0:34:19]} 26. Ba5 {[%clk 1:07:44]}  Rdg8 {[%clk 0:34:30]} 27. Qe1 {[%clk 1:05:15]}  f5 {[%clk 0:26:46]} 28. Nd2 {[%clk 1:03:27]}  Bg2 {[%clk 0:25:32]} 29. Rf2 {[%clk 1:01:13]}  Qc6 {[%clk 0:23:22]} 30. Re2 {[%clk 0:58:57]}  Rg6 {[%clk 0:22:59]} 31. Nf1 {[%clk 0:45:27]}  Bh4 {[%clk 0:14:39]} 32. Qf2 {[%clk 0:39:42]}  Bxf1 {[%clk 0:13:49]} 33. Qxf1 {[%clk 0:39:16]}  Bxg3 {[%clk 0:13:03]} 34. hxg3 {[%clk 0:35:14]}  Rxg3+ {[%clk 0:13:21]} 35. Kh2 {[%clk 0:35:36]}  Rg2+ {[%clk 0:13:20]} 36. Rxg2 {[%clk 0:35:56]}  hxg2+ {[%clk 0:13:43]} 0-1

[Event "Amateur Tournament (ATO)"]
[Site "https://www.chess.com"]
[Date "2025.07.16"]
[Round "2"]
[White "Jahn, Thomas"]
[Black "Van Bogaert, Olivier"]
[Result "1-0"]
[Board "2"]
[WhiteFideId "34679430"]
[BlackFideId "134178780"]
[WhiteElo "1964"]
[BlackElo "1793"]
[WhiteTeam "GER"]
[BlackTeam "SUI"]
[WhiteClock "0:56:09"]
[BlackClock "0:07:35"]
[Variant "Standard"]

1. e4 {[%clk 1:26:00]}  c5 {[%clk 1:30:45]} 2. Nf3 {[%clk 1:26:21]}  Nc6 {[%clk 1:30:57]} 3. d4 {[%clk 1:26:43]}  cxd4 {[%clk 1:31:20]} 4. Nxd4 {[%clk 1:27:05]}  e5 {[%clk 1:31:22]} 5. Nb5 {[%clk 1:27:26]}  d6 {[%clk 1:31:41]} 6. c4 {[%clk 1:26:53]}  Be6 {[%clk 1:31:46]} 7. N1c3 {[%clk 1:26:44]}  a6 {[%clk 1:31:49]} 8. Na3 {[%clk 1:27:08]}  g6 {[%clk 1:31:50]} 9. Be2 {[%clk 1:26:21]}  Bg7 {[%clk 1:31:54]} 10. Bg4 {[%clk 1:22:28]}  Bxg4 {[%clk 1:23:31]} 11. Qxg4 {[%clk 1:22:36]}  Nf6 {[%clk 1:23:50]} 12. Qd1 {[%clk 1:22:33]}  O-O {[%clk 1:23:12]} 13. O-O {[%clk 1:22:26]}  Nd4 {[%clk 1:17:43]} 14. Nc2 {[%clk 1:19:51]}  Nxc2 {[%clk 1:13:49]} 15. Qxc2 {[%clk 1:20:13]}  Rc8 {[%clk 1:13:24]} 16. b3 {[%clk 1:14:30]}  b5 {[%clk 1:06:31]} 17. cxb5 {[%clk 1:12:11]}  axb5 {[%clk 1:06:47]} 18. Qd3 {[%clk 1:11:45]}  b4 {[%clk 1:02:14]} 19. Nd5 {[%clk 1:06:41]}  Nxd5 {[%clk 0:56:06]} 20. Qxd5 {[%clk 1:06:57]}  Rc5 {[%clk 0:47:32]} 21. Qb7 {[%clk 1:06:12]}  Qb8 {[%clk 0:47:18]} 22. Qxb8 {[%clk 1:05:58]}  Rxb8 {[%clk 0:47:43]} 23. Be3 {[%clk 1:06:17]}  Rc2 {[%clk 0:47:20]} 24. Rfc1 {[%clk 1:06:23]}  Rbc8 {[%clk 0:45:04]} 25. Kf1 {[%clk 1:06:47]}  f5 {[%clk 0:33:14]} 26. f3 {[%clk 0:56:38]}  f4 {[%clk 0:19:55]} 27. Bd2 {[%clk 0:56:41]}  d5 {[%clk 0:20:03]} 28. Rxc2 {[%clk 0:55:01]}  Rxc2 {[%clk 0:20:27]} 29. Bxb4 {[%clk 0:55:27]}  d4 {[%clk 0:20:40]} 30. a4 {[%clk 0:55:02]}  Rb2 {[%clk 0:14:53]} 31. a5 {[%clk 0:55:01]}  d3 {[%clk 0:13:26]} 32. a6 {[%clk 0:55:16]}  d2 {[%clk 0:08:25]} 33. a7 {[%clk 0:55:25]}  d1=Q+ {[%clk 0:08:13]} 34. Rxd1 {[%clk 0:55:46]}  Ra2 {[%clk 0:07:35]} 35. Rd8+ {[%clk 0:56:09]} 1-0

[Event "Amateur Tournament (ATO)"]
[Site "https://www.chess.com"]
[Date "2025.07.16"]
[Round "2"]
[White "Perego, Jonas Gion"]
[Black "Jud, Marc"]
[Result "0-1"]
[Board "3"]
[WhiteFideId "1354680"]
[BlackFideId "1309099"]
[WhiteElo "1792"]
[BlackElo "1958"]
[WhiteTeam "SUI"]
[BlackTeam "SUI"]
[WhiteClock "0:19:40"]
[BlackClock "0:17:54"]
[Variant "Standard"]

1. Nf3 {[%clk 1:30:57]}  Nf6 {[%clk 1:30:44]} 2. b3 {[%clk 1:31:22]}  d5 {[%clk 1:30:52]} 3. Bb2 {[%clk 1:31:47]}  e6 {[%clk 1:31:12]} 4. e3 {[%clk 1:32:09]}  c5 {[%clk 1:30:57]} 5. c4 {[%clk 1:32:22]}  Nc6 {[%clk 1:31:02]} 6. Nc3 {[%clk 1:31:39]}  Be7 {[%clk 1:30:44]} 7. cxd5 {[%clk 1:31:43]}  exd5 {[%clk 1:31:03]} 8. Bb5 {[%clk 1:31:20]}  O-O {[%clk 1:28:54]} 9. O-O {[%clk 1:30:14]}  Bg4 {[%clk 1:25:47]} 10. h3 {[%clk 1:24:38]}  Bh5 {[%clk 1:21:33]} 11. Bxc6 {[%clk 1:18:05]}  bxc6 {[%clk 1:21:02]} 12. d3 {[%clk 1:16:31]}  d4 {[%clk 1:18:44]} 13. exd4 {[%clk 1:13:52]}  cxd4 {[%clk 1:18:08]} 14. Ne4 {[%clk 1:14:05]}  Nxe4 {[%clk 1:17:12]} 15. dxe4 {[%clk 1:14:29]}  c5 {[%clk 1:17:19]} 16. Qd3 {[%clk 1:13:47]}  Bxf3 {[%clk 1:15:14]} 17. Qxf3 {[%clk 1:13:51]}  a5 {[%clk 1:14:53]} 18. Qd3 {[%clk 1:10:39]}  Qb6 {[%clk 1:13:03]} 19. f4 {[%clk 1:08:03]}  a4 {[%clk 1:09:55]} 20. e5 {[%clk 1:03:29]}  Rfb8 {[%clk 1:02:35]} 21. Rf3 {[%clk 1:00:52]}  axb3 {[%clk 0:58:00]} 22. axb3 {[%clk 1:00:22]}  c4 {[%clk 0:51:48]} 23. Qxc4 {[%clk 0:55:23]}  d3+ {[%clk 0:51:37]} 24. Kh2 {[%clk 0:55:13]}  Rxa1 {[%clk 0:49:12]} 25. Bxa1 {[%clk 0:55:21]}  d2 {[%clk 0:48:26]} 26. Qc2 {[%clk 0:54:18]}  Rd8 {[%clk 0:47:04]} 27. Rf1 {[%clk 0:53:30]}  Qe3 {[%clk 0:44:51]} 28. Bc3 {[%clk 0:52:36]}  Bh4 {[%clk 0:41:37]} 29. Ba5 {[%clk 0:41:36]}  Bg3+ {[%clk 0:40:00]} 30. Kh1 {[%clk 0:41:58]}  Qxf4 {[%clk 0:31:08]} 31. Rd1 {[%clk 0:39:25]}  Qxe5 {[%clk 0:23:45]} 32. Bxd2 {[%clk 0:39:10]}  Qe2 {[%clk 0:23:24]} 33. Ra1 {[%clk 0:19:44]}  h6 {[%clk 0:19:52]} 34. b4 {[%clk 0:18:51]}  Qxd2 {[%clk 0:18:49]} 35. Qxd2 {[%clk 0:19:15]}  Rxd2 {[%clk 0:19:12]} 36. Rb1 {[%clk 0:19:40]}  Re2 {[%clk 0:17:54]} 0-1

[Event "Amateur Tournament (ATO)"]
[Site "https://www.chess.com"]
[Date "2025.07.16"]
[Round "2"]
[White "Hofmann, Hans"]
[Black "Ernst, Heinz"]
[Result "1/2-1/2"]
[Board "4"]
[WhiteFideId "1332503"]
[BlackFideId "1303295"]
[WhiteElo "1932"]
[BlackElo "1790"]
[WhiteTeam "SUI"]
[BlackTeam "SUI"]
[WhiteClock "1:04:42"]
[BlackClock "1:14:46"]
[Variant "Standard"]

1. d4 {[%clk 1:30:54]}  d5 {[%clk 1:30:51]} 2. c4 {[%clk 1:31:13]}  e6 {[%clk 1:31:07]} 3. Nf3 {[%clk 1:31:27]}  Nf6 {[%clk 1:31:12]} 4. Bg5 {[%clk 1:31:11]}  Nbd7 {[%clk 1:31:09]} 5. e3 {[%clk 1:31:02]}  Be7 {[%clk 1:31:12]} 6. Nc3 {[%clk 1:30:37]}  c6 {[%clk 1:31:11]} 7. Rc1 {[%clk 1:26:57]}  O-O {[%clk 1:30:54]} 8. Bd3 {[%clk 1:27:02]}  dxc4 {[%clk 1:27:56]} 9. Bxc4 {[%clk 1:27:24]}  Nd5 {[%clk 1:27:24]} 10. Bxe7 {[%clk 1:27:17]}  Qxe7 {[%clk 1:27:32]} 11. Qc2 {[%clk 1:16:36]}  Nxc3 {[%clk 1:21:48]} 12. Qxc3 {[%clk 1:16:55]}  Re8 {[%clk 1:21:00]} 13. Rd1 {[%clk 1:09:08]}  Nb6 {[%clk 1:16:33]} 14. O-O {[%clk 1:04:42]}  Nxc4 {[%clk 1:14:46]} 1/2-1/2

[Event "Amateur Tournament (ATO)"]
[Site "https://www.chess.com"]
[Date "2025.07.16"]
[Round "2"]
[White "Ding, Shirui"]
[Black "Lavorgna, Giovanni"]
[Result "0-1"]
[Board "6"]
[WhiteFideId "8618445"]
[BlackFideId "11800100"]
[BlackTitle "CM"]
[WhiteElo "1770"]
[BlackElo "1912"]
[WhiteTeam "CHN"]
[BlackTeam "ITA"]
[WhiteClock "0:00:34"]
[BlackClock "0:01:11"]
[Variant "Standard"]

1. d4 {[%clk 1:30:55]}  Nf6 {[%clk 1:30:46]} 2. c4 {[%clk 1:31:15]}  g6 {[%clk 1:30:57]} 3. Nc3 {[%clk 1:31:33]}  Bg7 {[%clk 1:31:12]} 4. e4 {[%clk 1:31:49]}  O-O {[%clk 1:31:25]} 5. e5 {[%clk 1:30:27]}  Ne8 {[%clk 1:30:19]} 6. f4 {[%clk 1:27:23]}  c5 {[%clk 1:28:01]} 7. d5 {[%clk 1:25:54]}  d6 {[%clk 1:26:38]} 8. Qe2 {[%clk 1:20:18]}  e6 {[%clk 1:19:20]} 9. Nf3 {[%clk 1:10:17]}  b5 {[%clk 1:09:20]} 10. dxe6 {[%clk 1:03:09]}  Bxe6 {[%clk 1:08:06]} 11. Nxb5 {[%clk 1:00:15]}  Nc6 {[%clk 1:05:39]} 12. Be3 {[%clk 0:56:35]}  a6 {[%clk 0:57:43]} 13. Nc3 {[%clk 0:55:17]}  Qa5 {[%clk 0:53:19]} 14. Qf2 {[%clk 0:51:21]}  Rb8 {[%clk 0:45:12]} 15. Rc1 {[%clk 0:49:26]}  Bg4 {[%clk 0:42:45]} 16. Bd3 {[%clk 0:45:03]}  dxe5 {[%clk 0:36:18]} 17. Bxc5 {[%clk 0:42:08]}  exf4 {[%clk 0:34:18]} 18. Be4 {[%clk 0:36:57]}  Bxf3 {[%clk 0:25:51]} 19. gxf3 {[%clk 0:29:33]}  Rxb2 {[%clk 0:20:48]} 20. Qxb2 {[%clk 0:29:12]}  Qxc5 {[%clk 0:20:48]} 21. Qd2 {[%clk 0:27:18]}  Bd4 {[%clk 0:13:00]} 22. Nd5 {[%clk 0:16:49]}  Nd6 {[%clk 0:11:45]} 23. Qxf4 {[%clk 0:14:36]}  Re8 {[%clk 0:09:39]} 24. Kf1 {[%clk 0:12:43]}  f5 {[%clk 0:06:47]} 25. Bd3 {[%clk 0:06:54]}  Be5 {[%clk 0:05:28]} 26. Qg5 {[%clk 0:04:31]}  Qd4 {[%clk 0:04:32]} 27. Be2 {[%clk 0:03:55]}  Bg7 {[%clk 0:04:14]} 28. Nc7 {[%clk 0:02:55]}  Bf6 {[%clk 0:03:40]} 29. Qg2 {[%clk 0:02:12]}  Rb8 {[%clk 0:03:06]} 30. Rd1 {[%clk 0:01:54]}  Qe5 {[%clk 0:02:54]} 31. Qg3 {[%clk 0:01:43]}  f4 {[%clk 0:02:47]} 32. Qh3 {[%clk 0:00:42]}  Nf5 {[%clk 0:02:40]} 33. Nd5 {[%clk 0:00:37]}  Ncd4 {[%clk 0:01:45]} 34. Re1 {[%clk 0:00:38]}  Qd6 {[%clk 0:00:42]} 35. Nxf6+ {[%clk 0:00:37]}  Qxf6 {[%clk 0:01:07]} 36. Kf2 {[%clk 0:00:39]}  Rb2 {[%clk 0:01:10]} 37. Qg4 {[%clk 0:00:34]}  Qe5 {[%clk 0:01:11]} 0-1

[Event "Amateur Tournament (ATO)"]
[Site "https://www.chess.com"]
[Date "2025.07.16"]
[Round "2"]
[White "Schmid, Nicola"]
[Black "Eigenmann, Walter"]
[Result "1/2-1/2"]
[Board "7"]
[WhiteFideId "1320769"]
[BlackFideId "1324632"]
[WhiteElo "1910"]
[BlackElo "1764"]
[WhiteTeam "SUI"]
[BlackTeam "SUI"]
[WhiteClock "0:03:34"]
[BlackClock "0:22:22"]
[Variant "Standard"]

1. d4 {[%clk 1:30:47]}  Nf6 {[%clk 1:30:46]} 2. c4 {[%clk 1:31:05]}  e6 {[%clk 1:31:04]} 3. Nf3 {[%clk 1:31:30]}  b6 {[%clk 1:31:22]} 4. g3 {[%clk 1:30:26]}  Bb7 {[%clk 1:31:35]} 5. Bg2 {[%clk 1:30:45]}  Be7 {[%clk 1:30:11]} 6. O-O {[%clk 1:29:46]}  O-O {[%clk 1:30:06]} 7. d5 {[%clk 1:25:19]}  exd5 {[%clk 1:28:55]} 8. Nh4 {[%clk 1:23:57]}  g6 {[%clk 1:19:59]} 9. Nc3 {[%clk 1:22:05]}  c6 {[%clk 1:17:58]} 10. Bh6 {[%clk 1:13:45]}  Re8 {[%clk 1:15:38]} 11. cxd5 {[%clk 1:08:40]}  cxd5 {[%clk 1:11:07]} 12. Qb3 {[%clk 1:06:44]}  Na6 {[%clk 1:06:32]} 13. Nxd5 {[%clk 0:45:37]}  Bxd5 {[%clk 0:55:51]} 14. Bxd5 {[%clk 0:43:31]}  Nxd5 {[%clk 0:56:11]} 15. Qxd5 {[%clk 0:43:48]}  Bxh4 {[%clk 0:55:44]} 16. Qc4 {[%clk 0:32:28]}  Bg5 {[%clk 0:50:13]} 17. Bxg5 {[%clk 0:32:42]}  Qxg5 {[%clk 0:50:25]} 18. Qxa6 {[%clk 0:33:07]}  Qe5 {[%clk 0:45:43]} 19. e3 {[%clk 0:32:28]}  d5 {[%clk 0:39:44]} 20. Rad1 {[%clk 0:32:00]}  Qxb2 {[%clk 0:38:28]} 21. Rxd5 {[%clk 0:30:49]}  Re5 {[%clk 0:33:34]} 22. Qb7 {[%clk 0:24:58]}  Rae8 {[%clk 0:31:22]} 23. Rxe5 {[%clk 0:19:07]}  Rxe5 {[%clk 0:31:06]} 24. Qxa7 {[%clk 0:13:59]}  Ra5 {[%clk 0:30:35]} 25. Qb8+ {[%clk 0:13:36]}  Kg7 {[%clk 0:30:49]} 26. Kg2 {[%clk 0:10:45]}  Rxa2 {[%clk 0:30:34]} 27. Qf4 {[%clk 0:10:45]}  Ra1 {[%clk 0:29:34]} 28. Rxa1 {[%clk 0:08:41]}  Qxa1 {[%clk 0:29:53]} 29. Qb4 {[%clk 0:08:03]}  Qa5 {[%clk 0:27:16]} 30. Qd4+ {[%clk 0:07:50]}  Kg8 {[%clk 0:24:39]} 31. Qd8+ {[%clk 0:07:55]}  Kg7 {[%clk 0:25:00]} 32. Qd4+ {[%clk 0:07:05]}  Kg8 {[%clk 0:22:22]} 33. Qd8+ {[%clk 0:03:34]} 1/2-1/2

[Event "Amateur Tournament (ATO)"]
[Site "https://www.chess.com"]
[Date "2025.07.16"]
[Round "2"]
[White "Avilova, Yulia"]
[Black "Kalbermatter, Philipp"]
[Result "1-0"]
[Board "8"]
[WhiteFideId "34166073"]
[BlackFideId "1327976"]
[WhiteElo "1762"]
[BlackElo "1908"]
[WhiteTeam "SUI"]
[BlackTeam "SUI"]
[WhiteClock "0:48:22"]
[BlackClock "0:00:37"]
[Variant "Standard"]

1. Nf3 {[%clk 1:30:56]}  c5 {[%clk 1:30:17]} 2. c4 {[%clk 1:31:20]}  Nf6 {[%clk 1:30:01]} 3. e3 {[%clk 1:31:30]}  Nc6 {[%clk 1:19:15]} 4. d4 {[%clk 1:31:40]}  cxd4 {[%clk 1:19:17]} 5. exd4 {[%clk 1:32:03]}  d5 {[%clk 1:19:17]} 6. Nc3 {[%clk 1:31:45]}  e6 {[%clk 1:15:15]} 7. c5 {[%clk 1:31:34]}  Ne4 {[%clk 1:04:19]} 8. Qc2 {[%clk 1:22:02]}  Nxc3 {[%clk 1:02:40]} 9. Qxc3 {[%clk 1:22:11]}  Be7 {[%clk 0:58:27]} 10. b4 {[%clk 1:20:39]}  a6 {[%clk 0:57:27]} 11. a4 {[%clk 1:18:49]}  O-O {[%clk 0:54:20]} 12. b5 {[%clk 1:16:34]}  axb5 {[%clk 0:53:29]} 13. axb5 {[%clk 1:16:46]}  Rxa1 {[%clk 0:53:36]} 14. Qxa1 {[%clk 1:16:47]}  Qa5+ {[%clk 0:53:00]} 15. Qxa5 {[%clk 1:17:03]}  Nxa5 {[%clk 0:53:21]} 16. Bd2 {[%clk 1:15:51]}  Nc4 {[%clk 0:46:31]} 17. Bxc4 {[%clk 1:15:40]}  dxc4 {[%clk 0:46:51]} 18. Ne5 {[%clk 1:15:56]}  f6 {[%clk 0:26:33]} 19. Nxc4 {[%clk 1:15:27]}  Bd7 {[%clk 0:26:35]} 20. b6 {[%clk 1:11:22]}  Bb5 {[%clk 0:25:15]} 21. Na5 {[%clk 1:10:07]}  Ra8 {[%clk 0:24:24]} 22. Bc3 {[%clk 1:10:15]}  e5 {[%clk 0:23:19]} 23. Nxb7 {[%clk 1:04:56]}  exd4 {[%clk 0:22:03]} 24. Bxd4 {[%clk 1:05:12]}  Ra4 {[%clk 0:19:47]} 25. Nd6 {[%clk 1:03:19]}  Bc6 {[%clk 0:09:46]} 26. Bc3 {[%clk 1:01:50]}  Ra6 {[%clk 0:05:11]} 27. Bd4 {[%clk 0:55:47]}  Ra4 {[%clk 0:05:06]} 28. Nc8 {[%clk 0:51:56]}  Kf7 {[%clk 0:05:04]} 29. Na7 {[%clk 0:51:04]}  Bxc5 {[%clk 0:01:53]} 30. Bxc5 {[%clk 0:49:14]}  Bd5 {[%clk 0:00:49]} 31. Kd2 {[%clk 0:49:06]}  Bxg2 {[%clk 0:00:34]} 32. Re1 {[%clk 0:49:05]}  Rc4 {[%clk 0:00:44]} 33. Re7+ {[%clk 0:48:51]}  Kg6 {[%clk 0:01:10]} 34. Rc7 {[%clk 0:49:06]}  Bd5 {[%clk 0:00:48]} 35. Nc6 {[%clk 0:48:07]}  Rxc5 {[%clk 0:00:37]} 36. b7 {[%clk 0:48:22]} 1-0

[Event "Amateur Tournament (ATO)"]
[Site "https://www.chess.com"]
[Date "2025.07.16"]
[Round "2"]
[White "Kulikov, Mikhail L"]
[Black "Pantillon, Patrick Andre"]
[Result "1-0"]
[Board "9"]
[WhiteFideId "4147847"]
[BlackFideId "1313266"]
[WhiteElo "1907"]
[BlackElo "1764"]
[WhiteTeam "RUS"]
[BlackTeam "SUI"]
[WhiteClock "0:05:22"]
[BlackClock "0:07:04"]
[Variant "Standard"]

1. e4 {[%clk 1:29:19]}  Nf6 {[%clk 1:30:03]} 2. e5 {[%clk 1:29:28]}  Nd5 {[%clk 1:29:50]} 3. d4 {[%clk 1:29:46]}  d6 {[%clk 1:29:43]} 4. Nf3 {[%clk 1:29:12]}  e6 {[%clk 1:27:51]} 5. c4 {[%clk 1:29:27]}  Nb6 {[%clk 1:27:44]} 6. exd6 {[%clk 1:29:45]}  cxd6 {[%clk 1:27:16]} 7. Nc3 {[%clk 1:30:01]}  Be7 {[%clk 1:23:29]} 8. Be2 {[%clk 1:30:25]}  Nc6 {[%clk 1:22:09]} 9. O-O {[%clk 1:29:45]}  d5 {[%clk 1:20:56]} 10. c5 {[%clk 1:29:12]}  Nd7 {[%clk 1:20:54]} 11. a3 {[%clk 1:27:42]}  O-O {[%clk 1:18:06]} 12. b4 {[%clk 1:26:24]}  a6 {[%clk 1:15:16]} 13. Re1 {[%clk 1:24:10]}  f5 {[%clk 1:13:04]} 14. Bf1 {[%clk 1:20:19]}  Nf6 {[%clk 1:12:24]} 15. Na4 {[%clk 1:15:52]}  Ne4 {[%clk 1:07:22]} 16. Nb6 {[%clk 1:15:58]}  Bd7 {[%clk 1:05:06]} 17. Nxa8 {[%clk 1:14:24]}  Qxa8 {[%clk 1:05:27]} 18. Qb3 {[%clk 1:13:21]}  Qb8 {[%clk 1:03:38]} 19. g3 {[%clk 1:09:37]}  g5 {[%clk 0:59:30]} 20. Bb2 {[%clk 1:02:10]}  g4 {[%clk 0:56:56]} 21. Rxe4 {[%clk 0:55:08]}  fxe4 {[%clk 0:52:50]} 22. Ne5 {[%clk 0:52:24]}  Nxe5 {[%clk 0:50:58]} 23. dxe5 {[%clk 0:52:49]}  Rf3 {[%clk 0:50:06]} 24. Qd1 {[%clk 0:52:16]}  h5 {[%clk 0:45:39]} 25. Be2 {[%clk 0:47:14]}  Rf5 {[%clk 0:39:13]} 26. h3 {[%clk 0:43:41]}  gxh3 {[%clk 0:35:26]} 27. Bxh5 {[%clk 0:43:18]}  Qf8 {[%clk 0:34:43]} 28. Bd4 {[%clk 0:30:07]}  Qg7 {[%clk 0:29:01]} 29. Bg4 {[%clk 0:27:04]}  h2+ {[%clk 0:25:07]} 30. Kxh2 {[%clk 0:25:11]}  Rg5 {[%clk 0:23:19]} 31. Be2 {[%clk 0:19:49]}  Bf8 {[%clk 0:17:10]} 32. a4 {[%clk 0:10:38]}  Qh7+ {[%clk 0:13:48]} 33. Kg2 {[%clk 0:10:57]}  Bg7 {[%clk 0:13:14]} 34. b5 {[%clk 0:07:45]}  Bxe5 {[%clk 0:10:26]} 35. Qd2 {[%clk 0:06:13]}  axb5 {[%clk 0:07:04]} 36. Qxg5+ {[%clk 0:05:22]} 1-0

[Event "Amateur Tournament (ATO)"]
[Site "https://www.chess.com"]
[Date "2025.07.16"]
[Round "2"]
[White "Zarriess, Benjamin"]
[Black "Meshach, Felix"]
[Result "0-1"]
[Board "10"]
[WhiteFideId "34606645"]
[BlackFideId "1342959"]
[WhiteElo "1741"]
[BlackElo "1905"]
[WhiteTeam "GER"]
[BlackTeam "SUI"]
[WhiteClock "0:13:04"]
[BlackClock "0:19:11"]
[Variant "Standard"]

1. e4 {[%clk 1:30:55]}  c5 {[%clk 1:30:52]} 2. Nf3 {[%clk 1:31:13]}  Nc6 {[%clk 1:31:18]} 3. Bb5 {[%clk 1:31:18]}  g6 {[%clk 1:31:17]} 4. O-O {[%clk 1:31:21]}  Bg7 {[%clk 1:31:34]} 5. Re1 {[%clk 1:31:27]}  e5 {[%clk 1:30:21]} 6. Bxc6 {[%clk 1:31:10]}  dxc6 {[%clk 1:26:57]} 7. d3 {[%clk 1:30:36]}  Qd6 {[%clk 1:25:12]} 8. Nbd2 {[%clk 1:26:37]}  f6 {[%clk 1:20:20]} 9. Nc4 {[%clk 1:22:33]}  Qc7 {[%clk 1:20:16]} 10. Be3 {[%clk 1:19:44]}  b6 {[%clk 1:18:16]} 11. a4 {[%clk 1:16:26]}  a5 {[%clk 1:16:56]} 12. Qc1 {[%clk 1:11:56]}  Ne7 {[%clk 1:13:53]} 13. b3 {[%clk 1:07:20]}  O-O {[%clk 1:04:55]} 14. Bh6 {[%clk 1:02:02]}  Be6 {[%clk 1:00:25]} 15. Bxg7 {[%clk 0:59:55]}  Kxg7 {[%clk 1:00:48]} 16. Qb2 {[%clk 0:58:21]}  g5 {[%clk 0:52:58]} 17. Qc3 {[%clk 0:53:23]}  Ng6 {[%clk 0:48:12]} 18. Ne3 {[%clk 0:49:17]}  h5 {[%clk 0:47:31]} 19. Nd2 {[%clk 0:47:16]}  Nf4 {[%clk 0:42:53]} 20. Ndf1 {[%clk 0:41:45]}  Rh8 {[%clk 0:40:28]} 21. Ng3 {[%clk 0:40:29]}  h4 {[%clk 0:38:33]} 22. Ngf5+ {[%clk 0:40:10]}  Kg6 {[%clk 0:38:48]} 23. f3 {[%clk 0:36:15]}  Qd7 {[%clk 0:34:43]} 24. Rad1 {[%clk 0:33:25]}  Rag8 {[%clk 0:33:55]} 25. Qd2 {[%clk 0:31:25]}  Kf7 {[%clk 0:32:36]} 26. h3 {[%clk 0:29:09]}  Nh5 {[%clk 0:26:20]} 27. Qe2 {[%clk 0:22:37]}  Rc8 {[%clk 0:21:16]} 28. Qd2 {[%clk 0:21:06]}  Ra8 {[%clk 0:18:40]} 29. Ra1 {[%clk 0:18:26]}  Rh7 {[%clk 0:16:10]} 30. Red1 {[%clk 0:17:36]}  Rah8 {[%clk 0:15:25]} 31. Qe2 {[%clk 0:16:28]}  Bxf5 {[%clk 0:13:44]} 32. Nxf5 {[%clk 0:09:49]}  Ng3 {[%clk 0:13:17]} 33. Qe3 {[%clk 0:06:41]}  Nxf5 {[%clk 0:11:27]} 34. exf5 {[%clk 0:07:01]}  Qxf5 {[%clk 0:11:54]} 35. Qe4 {[%clk 0:06:26]}  Qe6 {[%clk 0:11:30]} 36. Qc4 {[%clk 0:05:34]}  Qxc4 {[%clk 0:09:33]} 37. bxc4 {[%clk 0:05:33]}  Ke6 {[%clk 0:09:21]} 38. Rab1 {[%clk 0:05:23]}  Rb7 {[%clk 0:09:17]} 39. Rb2 {[%clk 0:04:10]}  Rhb8 {[%clk 0:09:41]} 40. Rdb1 {[%clk 0:04:23]}  Kf5 {[%clk 0:09:23]} 41. Kf2 {[%clk 0:03:16]}  Kf4 {[%clk 0:07:15]} 42. Rb3 {[%clk 0:30:09]}  f5 {[%clk 0:35:45]} 43. R3b2 {[%clk 0:28:46]}  e4 {[%clk 0:32:56]} 44. fxe4 {[%clk 0:22:43]}  fxe4 {[%clk 0:32:44]} 45. dxe4 {[%clk 0:16:54]}  Kxe4 {[%clk 0:32:39]} 46. Rd1 {[%clk 0:17:05]}  b5 {[%clk 0:31:55]} 47. Rd6 {[%clk 0:16:33]}  bxa4 {[%clk 0:30:22]} 48. Ra2 {[%clk 0:15:12]}  Rb4 {[%clk 0:30:24]} 49. Rxc6 {[%clk 0:15:12]}  Rxc4 {[%clk 0:30:40]} 50. Ra6 {[%clk 0:14:21]}  Rb5 {[%clk 0:28:47]} 51. Rg6 {[%clk 0:13:43]}  Kf5 {[%clk 0:29:08]} 52. Ra6 {[%clk 0:13:38]}  Rc3 {[%clk 0:21:25]} 53. Rxa4 {[%clk 0:12:30]}  Rxc2+ {[%clk 0:19:06]} 54. Kg1 {[%clk 0:12:50]}  Rb1+ {[%clk 0:18:48]} 55. Kh2 {[%clk 0:13:04]}  Rcc1 {[%clk 0:19:11]} 0-1

[Event "Amateur Tournament (ATO)"]
[Site "https://www.chess.com"]
[Date "2025.07.16"]
[Round "2"]
[White "Tkhoruk, Roman"]
[Black "Lachausse, Bruno"]
[Result "1-0"]
[Board "11"]
[WhiteFideId "34161589"]
[BlackFideId "1313231"]
[WhiteElo "1893"]
[BlackElo "1761"]
[WhiteTeam "SUI"]
[BlackTeam "SUI"]
[WhiteClock "0:44:48"]
[BlackClock "0:31:22"]
[Variant "Standard"]

1. e4 {[%clk 1:29:42]}  c5 {[%clk 1:28:26]} 2. Nf3 {[%clk 1:29:35]}  e6 {[%clk 1:28:39]} 3. c3 {[%clk 1:29:51]}  d5 {[%clk 1:28:19]} 4. exd5 {[%clk 1:29:59]}  Qxd5 {[%clk 1:28:18]} 5. Bb5+ {[%clk 1:29:42]}  Nc6 {[%clk 1:27:51]} 6. d4 {[%clk 1:27:45]}  a6 {[%clk 1:27:26]} 7. Bxc6+ {[%clk 1:28:02]}  Qxc6 {[%clk 1:27:25]} 8. O-O {[%clk 1:28:06]}  Nf6 {[%clk 1:27:26]} 9. Bf4 {[%clk 1:26:10]}  Bd6 {[%clk 1:24:56]} 10. Bxd6 {[%clk 1:21:32]}  Qxd6 {[%clk 1:24:48]} 11. Nbd2 {[%clk 1:18:03]}  b5 {[%clk 1:24:53]} 12. a4 {[%clk 1:17:48]}  Bb7 {[%clk 1:24:36]} 13. axb5 {[%clk 1:17:21]}  axb5 {[%clk 1:24:42]} 14. Qb3 {[%clk 1:17:00]}  Qc6 {[%clk 1:19:32]} 15. d5 {[%clk 1:08:37]}  Nxd5 {[%clk 1:14:27]} 16. Ne5 {[%clk 1:08:41]}  Qb6 {[%clk 1:07:51]} 17. Ndc4 {[%clk 0:59:10]}  bxc4 {[%clk 1:05:22]} 18. Rxa8+ {[%clk 0:59:30]}  Bxa8 {[%clk 1:04:09]} 19. Qa4+ {[%clk 0:59:42]}  Bc6 {[%clk 0:58:06]} 20. Qxc6+ {[%clk 0:59:11]}  Qxc6 {[%clk 0:58:12]} 21. Nxc6 {[%clk 0:59:27]}  O-O {[%clk 0:56:00]} 22. Ra1 {[%clk 0:59:36]}  Rc8 {[%clk 0:53:26]} 23. Ra5 {[%clk 0:57:37]}  Kf8 {[%clk 0:49:49]} 24. Ne5 {[%clk 0:55:51]}  Nb6 {[%clk 0:44:29]} 25. Ra6 {[%clk 0:49:32]}  Rd8 {[%clk 0:39:39]} 26. Kf1 {[%clk 0:44:31]}  Rd6 {[%clk 0:31:22]} 27. Rxb6 {[%clk 0:44:48]} 1-0